000 00283nam a2200133Ia 4500
008 260604s9999 xx 000 0 und d
020 _a9789349842342
082 _a823.8 GAS
100 _aGASKELL
_935278
245 0 _aMARY BARTON
260 _bDPS
500 _aBarton
942 _cBK
999 _c8043
_d8043